Examination questions (Record no. 99745)

MARC details
000 -LEADER
fixed length control field 00808cam a22001935a 4500
001 - CONTROL NUMBER
control field ##J100668
008 - FIXED-LENGTH DATA ELEMENTS--GENERAL INFORMATION
fixed length control field 000000s1909 000 0 eng u
035 ## - SYSTEM CONTROL NUMBER
System control number (Sirsi) u100668
041 0# - LANGUAGE CODE
Language code of text/sound track or separate title eng
050 04 - LIBRARY OF CONGRESS CALL NUMBER
Classification number 333.062 $2 18
110 2# - MAIN ENTRY--CORPORATE NAME
Corporate name or jurisdiction name as entry element Auctioneers' Institute of the United Kingdom
9 (RLIN) 3785
245 00 - TITLE STATEMENT
Title Examination questions
Remainder of title intermediate 1901, 1906-1909
260 ## - PUBLICATION, DISTRIBUTION, ETC.
Place of publication, distribution, etc. London
Name of publisher, distributor, etc. Auctioneers' Institute of the United Kingdom
Date of publication, distribution, etc. 1909
300 ## - PHYSICAL DESCRIPTION
Extent 1
Type of unit v
Other physical details 13 folded leaves of plates
Dimensions 22cm.
520 ## - SUMMARY, ETC.
Summary, etc. Intermediate examinations on book-keeping; mensuration; the use of valuation tables; land surveying; measurement and valuation of dilapidations, and estate accounts for the years 1901-1909.
651 #4 - SUBJECT ADDED ENTRY--GEOGRAPHIC NAME
Geographic name Great Britain
Chronological subdivision 1707-
690 ## - LOCAL SUBJECT ADDED ENTRY--TOPICAL TERM (OCLC, RLIN)
Topical term or geographic name as entry element CAREERS, EDUCATION AND TRAINING-QUALIFICATION ROUTES
942 ## - ADDED ENTRY ELEMENTS (KOHA)
Suppress in OPAC 0
Holdings
Withdrawn status Lost status Source of classification or shelving scheme Damaged status Not for loan Home library Current library Shelving location Date acquired Total Checkouts Full call number Barcode Date last seen Copy number Price effective from Koha item type
    Dewey Decimal Classification     Historic collection Historic collection RICS Boxes 21/10/1999   RICS 1909/7 30059301 06/08/2019 1 06/08/2019 Archive